Nancy Drew girl detective : without a trace

Bibliographic Details
Main Author: Keene, Carolyn
Corporate Author: Title
Format: Book
Published: London : Simon and Schuster , 2004
Series:All new Nancy Drew
Subjects:

MARC

LEADER 00000cam a2200000 7i4500
001 0000003500
005 20151222.0
008 070718
020 |a 0689874987 
090 0 0 |a JF   |b ENG 
100 1 |a Keene, Carolyn 
245 1 0 |a Nancy Drew girl detective :   |b without a trace   |c Carolyn Keene 
260 |a London :   |b Simon and Schuster ,   |c 2004 
440 |a All new Nancy Drew 
500 |a Children ages 10-12 years old (pink) 
650 0 |a Junior fiction   |x English   |x Languages 
710 0 |a Title 
999 |a 0000960924   |b Book   |c Children Collection   |e Cawangan Tmn. Ungku Tun Aminah 
999 |a 0000960925   |b Book   |c Children Collection   |e Cawangan Segamat 
999 |a 0000960926   |b Book   |c Children Collection   |e Perbadanan Perpustakaan Awam Johor